000 00716cab a2200241 4500
001 ABS48487
008 090401t1993 xxu||||| |||| 00| 0 eng d
035 _a(Sirsi) u67048
041 _aeng
100 _aBrown, E.
245 _aPlain english for the property industry
260 _c1993
350 _a0
490 _aEstates Gazette
_v(9314) 10 April 1993, 94-95(2)
520 _aUrges property professionals to use plain English in dealings with clients.
650 _aMISDESCRIPTION
650 _aMISREPRESENTATION
650 _aPLAIN ENGLISH
650 _aPROPERTY MISDESCRIPTIONS ACT 1991
690 _aMANAGEMENT-BUSINESS MANAGEMENT-PROFESSIONAL PRACTICE
942 _n0
948 _c04/03/1997
999 _c41932
_d41932